000 00289nam a2200121Ia 4500
008 190216s9999||||xx |||||||||||||| ||und||
100 _aVasudevan Nair M T
245 0 _aNirmmalyam
260 _bUniversity Of Calicut
_c1997
300 _a132p
650 _aMalayalam Nadakam
942 _cBK
999 _c27638
_d27638